00376nam a2200133Ia 4500100002200000942000700022654001400029245002800043260002800071300000800099546001200107999001700119952010600136 aBittel/ Lister.R  cBK aException aManagement by Exception bTata Mc Graw hillc2001 a320 aENGLISH c24796d24796 001040708AFTaCRCEbCRCEd2023-03-17g21.00i1452l0o pAFT941r2023-03-17v21.00w2023-03-17yBK